|
|
|
|
| LEADER |
01156nam a2200289 u 4500 |
| 001 |
10078631 |
| 003 |
upatras |
| 005 |
20210117202046.0 |
| 008 |
001010s1978 f eng |
| 020 |
|
|
|a 0262610248
|q ((pbk.))
|
| 020 |
|
|
|a 0262110717
|q ((hbk.))
|
| 040 |
|
|
|a GR-PaULI
|c GR-PaULI
|
| 041 |
0 |
|
|a eng
|
| 082 |
1 |
4 |
|a 440
|2 22
|
| 245 |
1 |
0 |
|a Recent transformational studies in european languages
|c S. Jay Keyser, editor
|
| 260 |
|
|
|a Cambridge
|b The MIT Press
|c c1978
|
| 300 |
|
|
|a 206 p.
|c 23 cm.
|
| 490 |
0 |
|
|a Linguistic inquiry monographs
|v 3
|
| 504 |
|
|
|a Includes bibliographical references
|
| 650 |
|
4 |
|a Ρωμανικές γλώσσες
|x Γραμματική, Γενετική
|9 59950
|
| 650 |
|
4 |
|a Γερμανική γλώσσα
|x Γραμματική, Γενετική
|9 60436
|
| 700 |
1 |
|
|a Keyser, Samuel Jay
|d 1935-
|9 43987
|
| 852 |
|
|
|a GR-PaULI
|b ΠΑΤΡΑ
|b ΦΙΛΟΛΟΓΙΑ
|k ΔΑΝΕΙΖ-6
|h 440 REC
|m 007744
|p 025000179372
|t 1
|
| 942 |
|
|
|2 ddc
|
| 952 |
|
|
|0 0
|1 0
|4 0
|6 440_000000000000000_REC
|7 0
|9 81853
|a LTRT
|b LTRT
|d 2016-04-24
|i 007744
|l 0
|o 440 REC
|p 025000179372
|r 2016-04-24 00:00:00
|t 1
|w 2016-04-24
|
| 998 |
|
|
|c ELIDOC
|d 2009-09
|
| 999 |
|
|
|c 54461
|d 54461
|